| 000 | 01092nac a22003137a 4500 | ||
|---|---|---|---|
| 001 | BR8200380 | ||
| 003 | BR-BrBNA | ||
| 005 | 20240105115221.0 | ||
| 008 | 230509b bl.|||m| |||| 00| 0 por d | ||
| 040 |
_aBR-BrBNA _bpor _cBiblioteca Nacional de Agricultura |
||
| 072 | _aH20 | ||
| 090 | _a1540 BR8200380 | ||
| 100 | 1 | _aDuarte, M. de L.R. | |
| 100 | 1 | _aCardoso, E.M.R. | |
| 100 | 1 | _aAlbuquerque, F.C. de | |
| 110 | 1 | _aCentro de Pesquisa Agropecuaria do Tropico Umido, Belem, PA (Brasil) | |
| 245 | 1 | _aOcorrencia da galha das gemas da mandioca do estado do Para [Manihot esculenta; Bacteria; Brasil] | |
| 246 | 1 | _a[Occurrence of cassava shoot gall in the state of Para [Manihot esculenta; Bacterium; Brazil]] | |
| 260 | 3 |
_aBelem, PA (Brasil): _c1981. |
|
| 300 | _a2 p. | ||
| 490 |
_aPesquisa em Andamento - Centro de Pesquisa Agropecuaria do Tropico Umido (Brazil) _vno. 53 _x |
||
| 650 | _aDoenca de planta | ||
| 650 | _aMandioca | ||
| 650 | _aGalha | ||
| 650 | _aBacteria | ||
| 650 | _aPara | ||
| 909 |
_a202312 _bLúcia Elande _c55 _dLúcia Elande |
||
| 942 |
_2AGRIS _n0 _cMS |
||
| 999 |
_c273713 _d273713 |
||